00594nam a2200169 450000500170000000700040001700800040002102000150002504000090004005000240004924501610007326000830023430000240031765000420034170000200038370000210040320150622152612.0000000 a9290662344 aUOEL aSB351.P3b.P76 1992 aProceedings of the Fifth Regional Groundnut Workshop for Southern Africab9-12 March 1992 Lilongwe, Malawicedited by R.C. Nageswara Rao and P. Subrahmanyam aIndia. :bInternational Crops Research Institute for Semi-Arid Tropicscc1992. axiv,138p. :bIll. ; aGroundnutvworkshop zSouthern Africa aNageswara, R.C. aSubrahmanyam, P.